[Event "Knighthood Blitz"]
[Site "Vishy Anand Arena"]
[Date "2020.08.01"]
[Round "4"]
[White "Anshuman Upadhyay"]
[Black "Sougata"]
[Result "0-1"]
[WhiteElo "1399"]
[BlackElo "1532"]
[Annotator "NA"]
[PlyCount "72"]
[EventDate "2020.08.01"]
[EventType "swiss (blitz)"]

1. e4 e5 2. Nf3 Nc6 3. Bc4 Nf6 4. O-O Bc5 5. d3 O-O 6. Nc3 d6 7. Bg5 h6 8. Bh4 Bg4 9. h3 Bh5 10. g4 Bg6 11. Bg3 Nd4 12. a3 Nxf3+ 13. Qxf3 c6 14. Bh4 b5 15. Ba2 a5 16. Bxf6 Qxf6 17. Qxf6 gxf6 18. Rad1 Kh7 19. h4 h5 20. gxh5 Bxh5 21. Rd2 Bf3 22. Kh2 b4 23. Na4 Ba7 24. Rg1 Rg8 25. Bxf7 Rxg1 26. Kxg1 bxa3 27. bxa3 Kg7 28. Bc4 Rh8 29. Kh2 Rxh4+ 30. Kg3 Rf4 31. Bb3 Bh5 32. Ba2 Rg4+ 33. Kh3 Rg5 34. Kh4 Bf3 35. Kh3 Bb8 36. Kh4 Bc7 0-1

[Event "Knighthood Blitz"]
[Site "Vishy Anand Arena"]
[Date "2020.08.01"]
[Round "4"]
[White "Kirajos"]
[Black "Chessplayer324"]
[Result "1-0"]
[WhiteElo "1377"]
[BlackElo "1211"]
[Annotator "NA"]
[PlyCount "59"]
[EventDate "2020.08.01"]
[EventType "swiss (blitz)"]

1. Nf3 Nf6 2. g3 e6 3. Bg2 Nc6 4. d3 d5 5. c4 Bb4+ 6. Nc3 O-O 7. O-O d4 8. Ne4 Nxe4 9. dxe4 f5 10. a3 Bc5 11. e5 Bd7 12. b4 Be7 13. Rb1 a5 14. b5 Na7 15. a4 c6 16. Nxd4 cxb5 17. cxb5 h6 18. Bxb7 Rb8 19. Bg2 Bc5 20. e3 Qe7 21. Bb2 Bxd4 22. exd4 g5 23. Qh5 f4 24. Qxh6 g4 25. Bc1 f3 26. Bh1 Rbc8 27. Bg5 Qb4 28. Rxb4 axb4 29. Bf6 Rc4 30. Qg7# 1-0

[Event "Knighthood Blitz"]
[Site "Vishy Anand Arena"]
[Date "2020.08.01"]
[Round "4"]
[White "Karsanjib"]
[Black "Ym27"]
[Result "0-1"]
[WhiteElo "1317"]
[BlackElo "1552"]
[Annotator "NA"]
[PlyCount "76"]
[EventDate "2020.08.01"]
[EventType "swiss (blitz)"]

1. d4 d5 2. Bf4 Nf6 3. Nf3 e6 4. e3 Be7 5. c4 Nbd7 6. Nc3 b6 7. Nb5 Bb4+ 8. Nd2 O-O 9. Nxc7 Ne4 10. a3 Bxd2+ 11. Ke2 e5 12. Nxa8 exf4 13. f3 Ng3+ 14. hxg3 Bxe3 15. gxf4 Bxf4 16. Qd3 Re8+ 17. Kd1 g6 18. cxd5 Bb7 19. Nxb6 axb6 20. Be2 Bxd5 21. g4 Qa8 22. Rh3 Qa4+ 23. Ke1 Bc4 24. Qd1 Rxe2+ 25. Qxe2 Bxe2 26. Kxe2 Qc2+ 27. Kf1 Qxb2 28. Re1 Qb5+ 29. Kg1 Qc4 30. Re8+ Kg7 31. Rd8 Qxd4+ 32. Kh1 Qd1+ 33. Kg2 Qe2+ 34. Kg1 Be3+ 35. Kh1 Qf1+ 36. Kh2 Bf4+ 37. Rg3 Qf2+ 38. Kh3 Qxg3# 0-1

[Event "Knighthood Blitz"]
[Site "Vishy Anand Arena"]
[Date "2020.08.01"]
[Round "4"]
[White "Ruben1070"]
[Black "Masters22"]
[Result "1-0"]
[WhiteElo "1286"]
[BlackElo "1466"]
[Annotator "NA"]
[PlyCount "91"]
[EventDate "2020.08.01"]
[EventType "swiss (blitz)"]

1. Nf3 Nc6 2. g3 e5 3. d3 d5 4. Bg2 Nf6 5. O-O Bc5 6. Bd2 a6 7. Nc3 d4 8. Nb1 O-O 9. c3 h6 10. cxd4 Nxd4 11. Nxd4 Bxd4 12. Bc3 c5 13. Nd2 Rb8 14. Nf3 Nd5 15. Qd2 f6 16. a3 Bxc3 17. bxc3 Ne7 18. c4 Nf5 19. Rab1 Nd4 20. a4 Bd7 21. Nxd4 exd4 22. Rxb7 Rxb7 23. Bxb7 Bxa4 24. Bxa6 Qb6 25. Bb5 Bxb5 26. cxb5 Qxb5 27. Qc2 Rc8 28. Rc1 Kf7 29. Qc4+ Kf8 30. Qxb5 Re8 31. Rxc5 Re7 32. Qb8+ Kf7 33. Rc7 Rxc7 34. Qxc7+ Kg6 35. e3 Kh7 36. exd4 Kg8 37. d5 Kf8 38. d6 f5 39. d7 Kg8 40. d8=Q+ Kh7 41. Qdd7 Kg6 42. Qxg7+ Kh5 43. g4+ fxg4 44. Qcf7+ Kh4 45. Qf4 h5 46. Qg3# 1-0

[Event "Knighthood Blitz"]
[Site "Vishy Anand Arena"]
[Date "2020.08.01"]
[Round "4"]
[White "ThakurUdaiveer"]
[Black "ElectroWizzard"]
[Result "0-1"]
[WhiteElo "1248"]
[BlackElo "1696"]
[Annotator "NA"]
[PlyCount "70"]
[EventDate "2020.08.01"]
[EventType "swiss (blitz)"]

1. d4 d5 2. Nf3 e6 3. Bf4 Bd6 4. Bg3 Nf6 5. e3 c5 6. c3 Qc7 7. Bd3 Nbd7 8. Nbd2 O-O 9. O-O b6 10. Re1 Bb7 11. e4 dxe4 12. Nxe4 Nxe4 13. Bxe4 Bxe4 14. Rxe4 Nf6 15. Bxd6 Qxd6 16. Re2 cxd4 17. Qxd4 Qc6 18. Ne5 Qc7 19. Rd1 Rfd8 20. Qa4 Rxd1+ 21. Qxd1 Rd8 22. Qc2 Rd5 23. f4 Qc5+ 24. Kh1 g6 25. Rd2 Qe3 26. Re2 Qxf4 27. h3 Rxe5 28. Rxe5 Qxe5 29. Qd2 Ne4 30. Qd8+ Kg7 31. Qd4 Qxd4 32. cxd4 Kf6 33. Kh2 e5 34. dxe5+ Kxe5 35. g4 f5 0-1

[Event "Knighthood Blitz"]
[Site "Vishy Anand Arena"]
[Date "2020.08.01"]
[Round "4"]
[White "Hamza dhariwala"]
[Black "Devraj"]
[Result "1-0"]
[WhiteElo "1225"]
[BlackElo "1359"]
[Annotator "NA"]
[PlyCount "73"]
[EventDate "2020.08.01"]
[EventType "swiss (blitz)"]

1. e4 e5 2. Nf3 Nc6 3. Bc4 Bc5 4. d3 Nf6 5. O-O O-O 6. Nbd2 Re8 7. Re1 d6 8. c3 Bg4 9. h3 Bxf3 10. Nxf3 a6 11. Be3 Bxe3 12. fxe3 h6 13. d4 b5 14. Bd5 Nxd5 15. exd5 Ne7 16. dxe5 c6 17. dxc6 Nxc6 18. exd6 Qb6 19. d7 Red8 20. Nd4 Nxd4 21. cxd4 Qd6 22. Qf3 Qxd7 23. Rad1 f6 24. e4 Ra7 25. e5 fxe5 26. dxe5 Qe8 27. e6 Re7 28. Rxd8 Qxd8 29. Rd1 Qb6+ 30. Kh2 Qb8+ 31. g3 Rxe6 32. Qb3 Qb6 33. Re1 Kf7 34. a4 Qf2+ 35. Kh1 Qxe1+ 36. Kg2 Qe2+ 37. Kg1 1-0

[Event "Knighthood Blitz"]
[Site "Vishy Anand Arena"]
[Date "2020.08.01"]
[Round "4"]
[White "Chesslovers143"]
[Black "HRICK2008"]
[Result "1-0"]
[WhiteElo "1109"]
[BlackElo "1534"]
[Annotator "NA"]
[PlyCount "59"]
[EventDate "2020.08.01"]
[EventType "swiss (blitz)"]

1. e4 Nf6 2. e5 Nd5 3. d4 d6 4. Nf3 dxe5 5. Nxe5 c6 6. Be2 Bf5 7. g4 Bg6 8. c4 Nb4 9. Nxg6 hxg6 10. a3 N4a6 11. Bf4 e6 12. Nc3 Bd6 13. Be3 Nc7 14. Qc2 Nd7 15. O-O-O Nf6 16. h4 b5 17. h5 gxh5 18. g5 Nh7 19. Rxh5 g6 20. Rh4 Kd7 21. cxb5 cxb5 22. d5 Qe7 23. dxe6+ Qxe6 24. Rhd4 Ke7 25. Rxd6 Qxd6 26. Rxd6 Kxd6 27. Qd2+ Ke7 28. Bc5+ Ke8 29. Qd6 Nd5 30. Bxb5# 1-0

[Event "Knighthood Blitz"]
[Site "Vishy Anand Arena"]
[Date "2020.08.01"]
[Round "5"]
[White "EvilGenius"]
[Black "Samudragupta"]
[Result "1-0"]
[WhiteElo "2702"]
[BlackElo "2385"]
[Annotator "TA"]
[PlyCount "191"]
[EventDate "2020.08.01"]
[EventType "swiss (blitz)"]

1. d4 Nc6 2. d5 Ne5 3. Nc3 Ng6 4. Nf3 e5 5. h4 h5 6. e4 Nf6 7. Bg5 Bc5 8. Be2 c6 9. Nd2 Qb6 10. O-O Qxb2 11. Na4 Qa3 12. c3 b5 13. Nxc5 Qxc5 14. c4 bxc4 15. Bxc4 cxd5 16. exd5 d6 17. Bxf6 gxf6 18. Ne4 Qc7 19. Rc1 Qe7 20. Qa4+ Kf8 21. Qc6 Bb7 22. Qxd6 Nxh4 23. Rb1 Qxd6 24. Nxd6 Bc8 25. f3 Rg8 26. Rf2 Nf5 27. Ne4 Kg7 28. d6 Bd7 29. Rb7 Rgd8 30. Bd5 Kg6 31. Rd2 Rab8 32. Rxa7 Rb1+ 33. Kf2 Be6 34. Bxe6 fxe6 35. d7 Nd4 36. Nc5 Kf7 37. Rc7 Ke7 38. Ra7 Rb6 39. a4 Rc6 40. Ra5 Rxc5 41. Rxc5 Nb3 42. Rdc2 Nxc5 43. Rxc5 Rxd7 44. a5 Rd2+ 45. Kg3 Ra2 46. Rc7+ Kd6 47. Ra7 f5 48. Ra8 e4 49. fxe4 fxe4 50. a6 Ke5 51. a7 Ra3+ 52. Kf2 e3+ 53. Kf3 h4 54. Rh8 Rxa7 55. Rxh4 Rf7+ 56. Kxe3 Rg7 57. Kf3 Kf6 58. Rf4+ Ke7 59. Ra4 Rf7+ 60. Ke4 Kf6 61. Kf4 Rg7 62. g4 Rg5 63. Ra8 Rd5 64. Rf8+ Kg6 65. Ra8 Kf7 66. Kg3 Kf6 67. Kh4 Rd4 68. Rf8+ Ke5 69. Kh5 Kd5 70. g5 e5 71. g6 Rd1 72. g7 Rh1+ 73. Kg6 Rg1+ 74. Kf6 e4 75. Rd8+ Kc4 76. Re8 Kd3 77. Rd8+ Ke3 78. g8=Q Rxg8 79. Rxg8 Kf2 80. Ke5 e3 81. Rf8+ Ke1 82. Ke4 e2 83. Ke3 Kd1 84. Rd8+ Kc1 85. Kxe2 Kc2 86. Ke3 Kc3 87. Rc8+ Kb4 88. Kd4 Ka5 89. Rc5+ Kb6 90. Kc4 Kb7 91. Rb5+ Ka7 92. Kc5 Ka6 93. Kc6 Ka7 94. Ra5+ Kb8 95. Ra4 Kc8 96. Ra8# 1-0

[Event "Knighthood Blitz"]
[Site "Vishy Anand Arena"]
[Date "2020.08.01"]
[Round "5"]
[White "kutiktau"]
[Black "terryr"]
[Result "1-0"]
[WhiteElo "2675"]
[BlackElo "2560"]
[Annotator "TA"]
[PlyCount "121"]
[EventDate "2020.08.01"]
[EventType "swiss (blitz)"]

1. Nf3 Nf6 2. g3 d5 3. Bg2 c6 4. c4 dxc4 5. O-O g6 6. Na3 Qd5 7. Qc2 Be6 8. Ne1 Qf5 9. e4 Qc5 10. d3 Bg7 11. Nxc4 Bxc4 12. dxc4 Nbd7 13. Nd3 Qa5 14. Bd2 Qc7 15. e5 Nxe5 16. Nxe5 Qxe5 17. Rfe1 Qd6 18. Bf4 Qd8 19. Rad1 Qc8 20. Bd6 O-O 21. Rxe7 Rd8 22. c5 Nd5 23. Rxd5 cxd5 24. Bxd5 Rd7 25. Bxf7+ Kh8 26. Be6 Rxe7 27. Bxc8 Re1+ 28. Kg2 Rxc8 29. b4 b6 30. Qa4 bxc5 31. bxc5 Ree8 32. Qxa7 Ra8 33. Qf7 Red8 34. h4 Rdc8 35. Kh3 Ra3 36. c6 Ra6 37. Qb7 Raxc6 38. Bf4 Rc2 39. a4 Rf8 40. Be3 Ra2 41. Qb3 Rb2 42. Qc4 Ra8 43. a5 Rb7 44. a6 Re7 45. a7 Ree8 46. Qc6 Kg8 47. Kg4 Kh8 48. Qd5 Red8 49. Qb7 Re8 50. h5 gxh5+ 51. Kxh5 Rf8 52. g4 Kg8 53. g5 Rae8 54. Qd5+ Kh8 55. Bc5 Rg8 56. Bd6 Ra8 57. Bb8 Re8 58. Qxa8 Kg8 59. Qd5+ Kh8 60. a8=Q Rf8 61. Bd6 1-0

[Event "Knighthood Blitz"]
[Site "Vishy Anand Arena"]
[Date "2020.08.01"]
[Round "5"]
[White "Narayanansl"]
[Black "CREATOR 1198"]
[Result "0-1"]
[WhiteElo "2658"]
[BlackElo "2402"]
[Annotator "NA"]
[PlyCount "78"]
[EventDate "2020.08.01"]
[EventType "swiss (blitz)"]

1. Nf3 d5 2. d4 Nf6 3. c4 c6 4. e3 Bg4 5. h3 Bh5 6. Nc3 e6 7. g4 Bg6 8. Ne5 Nbd7 9. Nxg6 hxg6 10. Bg2 Bb4 11. Bd2 dxc4 12. Qe2 Nb6 13. O-O O-O 14. Rfc1 Re8 15. b3 cxb3 16. axb3 e5 17. dxe5 Rxe5 18. Rc2 Qe7 19. Be1 a6 20. Rd1 Rd8 21. Rxd8+ Qxd8 22. Rd2 Qe7 23. Rd3 Re6 24. g5 Nfd5 25. Nxd5 cxd5 26. Bxb4 Qxb4 27. Bxd5 Nxd5 28. Rxd5 Qxb3 29. Rd8+ Kh7 30. Qg4 Qb1+ 31. Kh2 Qe4 32. f4 Qc2+ 33. Kg1 Qc1+ 34. Kg2 Qc6+ 35. Kf2 Qc2+ 36. Kg1 Qc1+ 37. Kg2 Qe1 38. f5 Rxe3 39. fxg6+ fxg6 0-1

[Event "Knighthood Blitz"]
[Site "Vishy Anand Arena"]
[Date "2020.08.01"]
[Round "5"]
[White "Lukiano"]
[Black "FedoseevVladimir"]
[Result "0-1"]
[WhiteElo "2590"]
[BlackElo "2678"]
[Annotator "TA"]
[PlyCount "46"]
[EventDate "2020.08.01"]
[EventType "swiss (blitz)"]

1. e4 c5 2. b3 g6 3. Bb2 Nf6 4. Qf3 d6 5. Bb5+ Bd7 6. Bxf6 exf6 7. Nc3 Nc6 8. Qd3 Nb4 9. Qc4 Nxc2+ 10. Ke2 Nxa1 11. Nd5 Bg7 12. Nf3 Bxb5 13. Qxb5+ Qd7 14. Qxd7+ Kxd7 15. Rxa1 f5 16. Re1 fxe4 17. Ng5 f5 18. d3 h6 19. Nh3 Rae8 20. Rd1 g5 21. Ng1 f4 22. f3 exf3+ 23. Kxf3 Kc6 0-1

[Event "Knighthood Blitz"]
[Site "Vishy Anand Arena"]
[Date "2020.08.01"]
[Round "5"]
[White "V-Bernadskiy"]
[Black "Uzbektiger95"]
[Result "0-1"]
[WhiteElo "2567"]
[BlackElo "2374"]
[Annotator "NA"]
[PlyCount "78"]
[EventDate "2020.08.01"]
[EventType "swiss (blitz)"]

1. d4 Nf6 2. Nf3 g6 3. Nc3 d5 4. Bf4 Bg7 5. e3 O-O 6. h4 c5 7. Ne5 Nc6 8. Be2 Qb6 9. Nxc6 bxc6 10. Na4 Qa5+ 11. c3 cxd4 12. exd4 Nd7 13. b4 Qd8 14. h5 e5 15. Be3 Re8 16. hxg6 hxg6 17. Qd2 exd4 18. Bxd4 Ba6 19. Be3 Bxe2 20. Qxe2 a5 21. Rb1 axb4 22. Rxb4 c5 23. Rbh4 d4 24. Qf3 dxe3 25. fxe3 Qg5 26. Ke2 Nf6 27. Kd2 Rad8+ 28. Kc2 Rxe3 29. Qf2 Ne4 30. Qf4 Qxg2+ 31. Kb3 Nd2+ 32. Ka3 Re4 33. Qc7 Nc4+ 34. Kb3 Nd2+ 35. Ka3 Rde8 36. Rh7 Rxa4+ 37. Kxa4 Qa8+ 38. Kb5 Rb8+ 39. Kxc5 Rc8 0-1

[Event "Knighthood Blitz"]
[Site "Vishy Anand Arena"]
[Date "2020.08.01"]
[Round "5"]
[White "Maksim Chigaev"]
[Black "DusanPopovic"]
[Result "1-0"]
[WhiteElo "2550"]
[BlackElo "2492"]
[Annotator "TA"]
[PlyCount "85"]
[EventDate "2020.08.01"]
[EventType "swiss (blitz)"]

1. e4 d6 2. d4 Nf6 3. f3 c6 4. Nc3 e5 5. dxe5 dxe5 6. Qxd8+ Kxd8 7. Bc4 Ke8 8. Be3 Nbd7 9. Nge2 Bc5 10. Kf2 Ke7 11. Nc1 a5 12. a4 Bxe3+ 13. Kxe3 Nc5 14. Nd3 Nxd3 15. cxd3 Be6 16. Bxe6 Kxe6 17. Ne2 Ra6 18. Rhc1 Rb6 19. Rab1 Rd8 20. b3 Rb4 21. Rc4 Rb6 22. Rc5 Ra6 23. d4 Nd7 24. Rc3 Rb6 25. Rd1 Ke7 26. dxe5 Nxe5 27. Rxd8 Kxd8 28. Nd4 g6 29. Rc5 f6 30. Rxa5 Nd7 31. Kd2 c5 32. Ra8+ Ke7 33. Nb5 f5 34. exf5 gxf5 35. Ke3 Rg6 36. g3 Nb6 37. Rb8 Nd5+ 38. Kf2 b6 39. Rb7+ Ke6 40. Rxh7 f4 41. Nc7+ Nxc7 42. Rxc7 Rh6 43. Rc6+ 1-0

[Event "Knighthood Blitz"]
[Site "Vishy Anand Arena"]
[Date "2020.08.01"]
[Round "5"]
[White "Nihalsarin"]
[Black "Vignesh nr"]
[Result "1-0"]
[WhiteElo "2514"]
[BlackElo "2375"]
[Annotator "TA"]
[PlyCount "65"]
[EventDate "2020.08.01"]
[EventType "swiss (blitz)"]

1. d4 Nf6 2. c4 e6 3. Nf3 d5 4. Nc3 Be7 5. Bf4 O-O 6. e3 b6 7. cxd5 Nxd5 8. Nxd5 Qxd5 9. Bd3 Bb4+ 10. Kf1 Ba6 11. Bxa6 Nxa6 12. Qa4 Qb7 13. Rc1 Bd6 14. Bg3 Rac8 15. a3 Rfd8 16. Qc6 Qxc6 17. Rxc6 Nb8 18. Rc1 Bxg3 19. hxg3 c5 20. dxc5 Na6 21. c6 Nc5 22. Ke2 h6 23. b4 Ne4 24. Rc4 Nd6 25. Rc2 b5 26. Rd1 Nc4 27. Rxd8+ Rxd8 28. a4 a6 29. axb5 axb5 30. Nd4 Rc8 31. Rxc4 bxc4 32. b5 Kf8 33. b6 1-0

[Event "Knighthood Blitz"]
[Site "Vishy Anand Arena"]
[Date "2020.08.01"]
[Round "5"]
[White "Phoenix92"]
[Black "Diptayan"]
[Result "1/2-1/2"]
[WhiteElo "2507"]
[BlackElo "2473"]
[Annotator "NA"]
[PlyCount "64"]
[EventDate "2020.08.01"]
[EventType "swiss (blitz)"]

1. d4 Nf6 2. Nf3 d5 3. c4 e6 4. Bg5 dxc4 5. e4 b5 6. a4 c6 7. Nc3 b4 8. Nb1 Be7 9. Bxf6 Bxf6 10. e5 Be7 11. Bxc4 Ba6 12. Nbd2 O-O 13. O-O Bxc4 14. Nxc4 Na6 15. Qe2 Nc7 16. Rac1 Nd5 17. Rfd1 Rc8 18. g3 h6 19. h4 c5 20. Kg2 Qd7 21. a5 Rfd8 22. Qe4 Qb5 23. dxc5 Rxc5 24. Nd4 Qe8 25. Nb3 Rcc8 26. Rd3 Qb5 27. Rdd1 Qe8 28. h5 Rc6 29. Nd4 Rc5 30. Nb3 Rc6 31. Nd4 Rc5 32. Nb3 Rc6 1/2-1/2

[Event "Knighthood Blitz"]
[Site "Vishy Anand Arena"]
[Date "2020.08.01"]
[Round "5"]
[White "Rasulov Vugar"]
[Black "Arghyadip"]
[Result "1-0"]
[WhiteElo "2469"]
[BlackElo "2170"]
[Annotator "TA"]
[PlyCount "65"]
[EventDate "2020.08.01"]
[EventType "swiss (blitz)"]

1. e4 e5 2. Nf3 Nf6 3. Nc3 Nc6 4. Bb5 Bb4 5. O-O O-O 6. d3 Bxc3 7. bxc3 d6 8. Bg5 h6 9. Bh4 Qe7 10. Re1 Nd8 11. Nd2 Ne6 12. Nf1 Nf4 13. Ne3 Ng6 14. Nd5 Qd8 15. Bxf6 gxf6 16. Bc4 Be6 17. Qh5 Kh7 18. g3 Rg8 19. Kh1 a5 20. a4 c6 21. Ne3 Qd7 22. Rab1 Rab8 23. Rb6 Ne7 24. Bxe6 Qxe6 25. Reb1 d5 26. Rxb7 Rxb7 27. Rxb7 d4 28. cxd4 exd4 29. Nc4 f5 30. exf5 Qd5+ 31. Kg1 Re8 32. Qe2 Kg7 33. Rxe7 1-0

[Event "Knighthood Blitz"]
[Site "Vishy Anand Arena"]
[Date "2020.08.01"]
[Round "5"]
[White "Indian-Lion"]
[Black "VugarAsadli"]
[Result "1-0"]
[WhiteElo "2433"]
[BlackElo "2284"]
[PlyCount "104"]
[EventDate "2020.08.01"]
[EventType "swiss (blitz)"]

1. e4 g6 2. d4 Bg7 3. Nf3 d6 4. Bc4 e6 5. O-O Ne7 6. Bb3 b6 7. Re1 Bb7 8. c3 O-O 9. Nbd2 c5 10. d5 e5 11. a4 h6 12. a5 b5 13. c4 b4 14. Nh4 Bc8 15. Bc2 Nd7 16. Nf1 Nf6 17. h3 Nh7 18. Be3 f5 19. exf5 gxf5 20. Qh5 Nf6 21. Qe2 Rb8 22. b3 Qe8 23. f4 e4 24. a6 Ng6 25. Qf2 Nh5 26. Ra5 Bd7 27. Bd1 Nf6 28. Be2 Nxh4 29. Qxh4 Qg6 30. Kh2 Ne8 31. Bd2 Bd4 32. Ne3 Nf6 33. Nc2 Bc3 34. Bxc3 bxc3 35. Ra3 Rf7 36. Rg1 Rg7 37. Qe1 Kh7 38. Qxc3 Rbg8 39. g3 Nh5 40. Bxh5 Qxh5 41. Qe3 Qg6 42. b4 Qf6 43. bxc5 dxc5 44. Qxc5 Qb2 45. Rg2 Qc1 46. Qxa7 Ba4 47. Qe3 Qxc2 48. Rxc2 Bxc2 49. a7 Bd3 50. a8=Q Rxa8 51. Rxa8 Rb7 52. Qd4 Rb2+ 1-0

[Event "Knighthood Blitz"]
[Site "Vishy Anand Arena"]
[Date "2020.08.01"]
[Round "5"]
[White "Devil1234"]
[Black "Arya321_dm"]
[Result "1-0"]
[WhiteElo "2430"]
[BlackElo "1713"]
[Annotator "NA"]
[PlyCount "85"]
[EventDate "2020.08.01"]
[EventType "swiss (blitz)"]

1. d4 Nf6 2. Bf4 c5 3. e3 cxd4 4. exd4 Qb6 5. Na3 Nd5 6. Bc1 e6 7. Nc4 Qc7 8. Nf3 Be7 9. c3 b6 10. Bd3 Ba6 11. Ne3 Nxc3 12. bxc3 Qxc3+ 13. Ke2 Bxd3+ 14. Qxd3 Qxa1 15. Qb3 Nc6 16. Nc2 Na5 17. Nxa1 Nxb3 18. Nxb3 Rc8 19. Kd3 f6 20. Bd2 Kf7 21. Bc3 d5 22. Re1 Rc4 23. Nfd2 Rhc8 24. Bb2 a5 25. Na1 Ra4 26. Rb1 Rxa2 27. Nc2 b5 28. Nb3 f5 29. Ne3 a4 30. Nc1 Rxb2 31. Rxb2 Rxc1 32. Rxb5 Rh1 33. h3 a3 34. Ra5 Rb1 35. Ra7 Rb3+ 36. Ke2 Rb2+ 37. Kf3 a2 38. g4 fxg4+ 39. Nxg4 Rb3+ 40. Kf4 Ra3 41. Ne5+ Ke8 42. Rb7 a1=Q 43. Rb8+ 1-0

[Event "Knighthood Blitz"]
[Site "Vishy Anand Arena"]
[Date "2020.08.01"]
[Round "5"]
[White "LAXMAN"]
[Black "Adityabikram"]
[Result "1-0"]
[WhiteElo "2426"]
[BlackElo "1954"]
[PlyCount "61"]
[EventDate "2020.08.01"]
[EventType "swiss (blitz)"]

1. d4 Nf6 2. Nf3 d5 3. c4 e6 4. g3 Be7 5. Bg2 O-O 6. O-O dxc4 7. Qa4 a6 8. Qxc4 b5 9. Qc2 Bb7 10. Bf4 Nd5 11. Nc3 Nxf4 12. gxf4 Nd7 13. Rfd1 Bd6 14. Ng5 g6 15. Bxb7 Bxf4 16. Bxa8 Qxg5+ 17. Bg2 Qh4 18. h3 Nf6 19. e3 Bd6 20. Ne4 Nxe4 21. Qxe4 Qf6 22. Rac1 h5 23. f4 Qh4 24. Qf3 Qf6 25. Rf1 Kg7 26. Qg3 Rd8 27. Qg5 Qxg5 28. fxg5 Be7 29. Rxc7 Bxg5 30. Rfxf7+ Kg8 31. Rg7+ 1-0

[Event "Knighthood Blitz"]
[Site "Vishy Anand Arena"]
[Date "2020.08.01"]
[Round "5"]
[White "IndianKing97"]
[Black "ASB"]
[Result "1-0"]
[WhiteElo "2414"]
[BlackElo "2006"]
[Annotator "NA"]
[PlyCount "81"]
[EventDate "2020.08.01"]
[EventType "swiss (blitz)"]

1. c4 e5 2. g3 Nf6 3. Bg2 Bc5 4. Nc3 O-O 5. e3 a6 6. a3 c6 7. d4 exd4 8. exd4 Ba7 9. Nge2 d5 10. cxd5 Nxd5 11. Nxd5 cxd5 12. O-O Nc6 13. Be3 Be6 14. Nf4 Qd7 15. Nxe6 Qxe6 16. Qd3 Rac8 17. Rfd1 Rfe8 18. h4 Rc7 19. Kh2 Qd6 20. Bf4 Qd7 21. Bxc7 Qxc7 22. Bxd5 Nxd4 23. Rac1 Qe5 24. Bxb7 Qf6 25. Rf1 g6 26. Qxa6 Qxa6 27. Bxa6 Re6 28. Bc4 Rb6 29. b4 Rf6 30. Kg2 Nf3 31. Bd5 Nd2 32. Rc8+ Kg7 33. Rc7 Bb6 34. Rc6 Nxf1 35. Rxf6 Kxf6 36. Kxf1 Ke7 37. a4 f6 38. a5 Ba7 39. b5 Kd6 40. b6 Bb8 41. a6 1-0

[Event "Knighthood Blitz"]
[Site "Vishy Anand Arena"]
[Date "2020.08.01"]
[Round "5"]
[White "Js3131"]
[Black "STRANGE"]
[Result "0-1"]
[WhiteElo "2414"]
[BlackElo "2428"]
[Annotator "NA"]
[PlyCount "122"]
[EventDate "2020.08.01"]
[EventType "swiss (blitz)"]

1. e4 Nf6 2. e5 Nd5 3. d4 d6 4. c4 Nb6 5. exd6 cxd6 6. Be3 g6 7. Nc3 Bg7 8. Rc1 O-O 9. b3 Bf5 10. Nf3 d5 11. Be2 Nc6 12. O-O Bg4 13. c5 Nc8 14. Ne1 Bxe2 15. Nxe2 e6 16. Nf3 N8e7 17. Qd2 Nf5 18. Bf4 h5 19. h3 Qd7 20. Rfe1 Rfe8 21. b4 a6 22. a4 Na7 23. Ra1 Nc6 24. b5 axb5 25. axb5 Na7 26. b6 Nc6 27. Be3 Nxe3 28. Qxe3 Rxa1 29. Rxa1 e5 30. dxe5 Nxe5 31. Rd1 Nc4 32. Rxd5 Qc6 33. Qd3 Nb2 34. Qb3 Rxe2 35. Rd8+ Re8 36. Rxe8+ Qxe8 37. Qd5 Na4 38. Qxb7 Nxc5 39. Qc7 Ne6 40. Qa7 Nd4 41. b7 Nxf3+ 42. gxf3 Be5 43. Qe3 Qb8 44. Qe4 Bf4 45. Kg2 Qe5 46. Qc6 Qg5+ 47. Kf1 Qf5 48. Kg2 Qg5+ 49. Kf1 Kg7 50. Qc3+ Qe5 51. Qb4 Qd6 52. Qb2+ Be5 53. Qe2 Qd5 54. Qe4 Qxe4 55. fxe4 Bb8 56. Ke2 Kf6 57. Ke3 g5 58. f4 Ke6 59. Kf3 gxf4 60. h4 Ke5 61. Kf2 Kxe4 0-1

[Event "Knighthood Blitz"]
[Site "Vishy Anand Arena"]
[Date "2020.08.01"]
[Round "5"]
[White "Irus1997"]
[Black "KingBuda"]
[Result "1-0"]
[WhiteElo "2411"]
[BlackElo "1794"]
[Annotator "NA"]
[PlyCount "35"]
[EventDate "2020.08.01"]
[EventType "swiss (blitz)"]

1. b3 d5 2. Bb2 c6 3. e3 Bf5 4. Nf3 Nf6 5. Bd3 Bxd3 6. cxd3 e6 7. O-O c5 8. Ne5 Bd6 9. f4 O-O 10. Qf3 Qc7 11. Qg3 Kh8 12. Na3 a6 13. Rac1 Qe7 14. Nc2 Rg8 15. Ne1 Nfd7 16. N1f3 f6 17. Ng6+ hxg6 18. Qh3# 1-0

[Event "Knighthood Blitz"]
[Site "Vishy Anand Arena"]
[Date "2020.08.01"]
[Round "5"]
[White "GM Abadi"]
[Black "Girinathpds76"]
[Result "1-0"]
[WhiteElo "2400"]
[BlackElo "2108"]
[Annotator "NA"]
[PlyCount "113"]
[EventDate "2020.08.01"]
[EventType "swiss (blitz)"]

1. d4 e6 2. Nf3 f5 3. c4 Nf6 4. g3 Be7 5. Bg2 O-O 6. O-O a5 7. b3 d6 8. Bb2 Qe8 9. Nc3 Qh5 10. Ne1 Qh6 11. Nd3 Na6 12. Bc1 Qg6 13. a3 Qe8 14. b4 e5 15. b5 Nb8 16. dxe5 dxe5 17. Nxe5 Nbd7 18. Nxd7 Bxd7 19. Bf4 c6 20. bxc6 bxc6 21. Qc2 Be6 22. Na4 Rd8 23. Bc7 Rd4 24. Nb2 a4 25. Be5 Rd8 26. Nxa4 Ra8 27. Bb2 Ne4 28. c5 Bd5 29. Nb6 Rd8 30. Nxd5 Rxd5 31. Bxe4 fxe4 32. Qxe4 Bxc5 33. Qxe8 Rxe8 34. e3 Rd2 35. Bc3 Rc2 36. Bb4 Bxb4 37. axb4 Rf8 38. Ra6 h5 39. Ra5 Rd8 40. Rxh5 Rb8 41. Rc5 Ra2 42. Rxc6 Rxb4 43. h4 Rbb2 44. Kg2 Kh7 45. Kf3 Rb7 46. Rc4 Rf7+ 47. Rf4 Re7 48. Kg4 Ra6 49. Rd1 Rg6+ 50. Kf3 Rge6 51. Rd5 Rc7 52. Rh5+ Kg8 53. Rg5 Rec6 54. Rgf5 Rc2 55. Kg4 Kh7 56. f3 R7c6 57. Rh5+ 1-0

[Event "Knighthood Blitz"]
[Site "Vishy Anand Arena"]
[Date "2020.08.01"]
[Round "5"]
[White "Pranav_vip"]
[Black "Vikas2200"]
[Result "1-0"]
[WhiteElo "2399"]
[BlackElo "1856"]
[Annotator "NA"]
[PlyCount "51"]
[EventDate "2020.08.01"]
[EventType "swiss (blitz)"]

1. e4 e5 2. Nf3 Nc6 3. Nc3 Nf6 4. Bb5 Bb4 5. O-O O-O 6. d3 d6 7. Ne2 Ne7 8. c3 Ba5 9. Ng3 c6 10. Ba4 Ng6 11. d4 Bb6 12. h3 h6 13. Bc2 Be6 14. b3 Re8 15. Bb2 Qc7 16. c4 Rad8 17. Re1 Bc8 18. a4 a6 19. Bc3 Nf4 20. a5 Ba7 21. Qc1 Ng6 22. Nf5 Ne7 23. dxe5 Nxf5 24. exf6 Ng3 25. fxg7 h5 26. Qh6 1-0

[Event "Knighthood Blitz"]
[Site "Vishy Anand Arena"]
[Date "2020.08.01"]
[Round "5"]
[White "lnram"]
[Black "Gk06"]
[Result "0-1"]
[WhiteElo "2393"]
[BlackElo "2420"]
[Annotator "NA"]
[PlyCount "86"]
[EventDate "2020.08.01"]
[EventType "swiss (blitz)"]

1. e4 c5 2. Nf3 Nc6 3. d4 cxd4 4. Nxd4 Nf6 5. Nc3 e5 6. Ndb5 d6 7. Bg5 a6 8. Na3 b5 9. Nd5 Be7 10. Bxf6 Bxf6 11. c3 Bg5 12. Be2 O-O 13. O-O Ne7 14. Nc2 Nxd5 15. Qxd5 Be6 16. Qd3 d5 17. Bf3 dxe4 18. Qxe4 Qc7 19. Qxa8 Rxa8 20. Bxa8 Qc8 21. Bf3 f5 22. Nb4 e4 23. Be2 f4 24. f3 e3 25. Rad1 a5 26. Nd5 Qc6 27. h4 Bxh4 28. Nxf4 Bf2+ 29. Rxf2 exf2+ 30. Kxf2 Qc5+ 31. Kf1 Bxa2 32. Rd8+ Kf7 33. Nd3 Qe3 34. Rd7+ Kf8 35. Rd8+ Ke7 36. Rd4 Qh6 37. Re4+ Kd8 38. Rd4+ Kc7 39. Ne5 Qc1+ 40. Kf2 Qxb2 41. Rd7+ Kc8 42. Rxg7 Qxc3 43. Re7 Qc5+ 0-1